000 00428nam a2200169 a 4500
001 0000-9325
003 ELIB.Books
008 110520 1971
035 _a(ELIB.Books)0000-9477
082 _aFic
_bKer
100 _aKerr, Judith
245 _aWhen Hitler Stole Pink Rabbit
260 _bLondon; Collins Publishing Company
_c1971
650 _aFiction
942 _2ddc
_cBK
998 _cbat
_e2011-05-20
999 _c9325
_d9325